Countries of Africa that Begin with M - Statistics

General Stats
  • This quiz has been taken 41 times
  • The average score is 6 of 7
Answer Stats
Answer % Correct
Mali
94%
Mauritius
94%
Madagascar
91%
Mauritania
91%
Mozambique
91%
Malawi
89%
Morocco
77%
No matching quizzes found
Score Distribution
Percent of People with Each Score
Percentile by Number Answered
Your Score History
You have not taken this quiz